[Event "Wuerttemberg-ch Seniors 11th"]
[Site "Ellwangen"]
[Date "1999.??.??"]
[Round "1"]
[White "Schneider, Miloca"]
[Black "Gerbert, Herbert"]
[Result "1-0"]
[WhiteElo "1757"]
[BlackElo "1642"]
[PlyCount "35"]
[EventDate "1999.03.??"]
[EventType "swiss"]
[EventRounds "9"]
[EventCountry "GER"]
[SourceTitle "EXT 2006"]
[Source "ChessBase"]
[SourceDate "2005.11.24"]
[SourceVersion "1"]
[SourceVersionDate "2005.11.24"]
[SourceQuality "1"]

1. d4 d5 2. c4 e6 3. Nf3 Nf6 4. Bg5 Be7 5. e3 0-0 6. Nc3 c6 7. Bd3 Nbd7 8. 0-0 a6 9. a4 Re8 10. Ne5 Qc7 11. f4 Nxe5 12. fxe5 Nd7 13. Bxh7+ Kf8 14. Qh5 f5 15. Bg6 Nf6 16. exf6 Bxf6 17. Qh8+ Ke7 18. Qxe8+ 1-0